| 000 | 01155nac a22003857a 4500 | ||
|---|---|---|---|
| 001 | BR2016005000 | ||
| 003 | BR-BrBNA | ||
| 005 | 20240105124040.0 | ||
| 008 | 230509b bl.|||m| |||| 00| 0 por d | ||
| 040 |
_aBR-BrBNA _bpor _cBiblioteca Nacional de Agricultura |
||
| 072 | _aH10 | ||
| 090 | _a0336 BR2016005000 | ||
| 100 | 1 | _aConte, O. | |
| 100 | 1 | _aOliveira, F.T. de | |
| 100 | 1 | _aHarger, N. | |
| 100 | 1 | _aCorrêa-Ferreira, B.S. | |
| 100 | 1 | _aRoggia, S. | |
| 100 | 1 | _aPrando, A.M. | |
| 100 | 1 | _aSeratto, C.D. | |
| 110 | 1 | _aEmbrapa Soja, Londrina, PR (Brasil) | |
| 245 | 1 | _aResultados do manejo integrado de pragas da soja na safra 2015/16 no Paraná | |
| 260 | 3 |
_aLondrina, PR (Brasil): _c2016. |
|
| 300 | _a59 p. | ||
| 490 |
_aDocumentos - EMBRAPA Soja (Brazil) _vno. 375 _xISSN 1516-781X |
||
| 500 | _aSummary (Pt); 25 ref.; 31 illus.; 9 tables | ||
| 650 | _aSOJA | ||
| 650 | _aVARIEDADE | ||
| 650 | _aPRAGA DE PLANTA | ||
| 650 | _aCONTROLE BIOLÓGICO | ||
| 650 | _aCONTROLE CULTURAL | ||
| 650 | _aCUSTO DE PRODUÇÃO | ||
| 650 | _aPARANÁ | ||
| 909 |
_a202312 _bLúcia Elande _c55 _dLúcia Elande |
||
| 942 |
_2AGRIS _n0 _cMS |
||
| 999 |
_c298143 _d298143 |
||